Muchas hispanoaméricas: antropología, historia y enfoques culturales en los estudios latinoamericanistas /
Uloženo v:
| Hlavní autor: | |
|---|---|
| Další autoři: | , |
| Médium: | Text |
| Tagy: |
Přidat tag
Žádné tagy, Buďte první, kdo vytvoří štítek k tomuto záznamu!
|
MARC
| LEADER | 00000 a a2200000 04500 | ||
|---|---|---|---|
| 001 | 16263 | ||
| 003 | |||
| 040 | |||
| 100 | |a Salman, Ton | ||
| 245 | |a Muchas hispanoaméricas: antropología, historia y enfoques culturales en los estudios latinoamericanistas / |c Ton Salman ; reseña por Thomas Krüggeler ; edición por Ulrich Mücke | ||
| 500 | |a Datos de edición: Madrid/Frankfurt am Main, Iberoamericana/Vervuert Verlag, 2001 | ||
| 700 | |a Krüggeler, Thomas |e reseñador | ||
| 700 | |a Mücke, Ulrich |e editor | ||
| 773 | |g número 73; páginas 146-147 | ||
| 999 | |c 36811 |d 36811 | ||
